Actors who worked with Jonathan Frakes (directing) - Statistics

General Stats
  • This quiz has been taken 2 times
  • The average score is 5 of 31
Answer Stats
Film(s) Answer % Correct
Thunderbirds Ben Kingsley
100%
Star Trek: First Contact, Star Trek: Insurrection Patrick Stewart
100%
Thunderbirds Anthony Edwards
50%
Thunderbirds Bill Paxton
50%
Thunderbirds Brady Corbet
50%
Thunderbirds Ron Cook
50%
Thunderbirds Sophia Myles
50%
Star Trek: First Contact Alfre Woodard
0%
Star Trek: First Contact Alice Krige
0%
Star Trek: Insurrection Anthony Zerbe
0%
Star Trek: First Contact, Star Trek: Insurrection Brent Spiner
0%
Star Trek: Insurrection Donna Murphy
0%
Star Trek: First Contact Dwight Schultz
0%
Star Trek: First Contact Ethan Phillips
0%
Star Trek: Insurrection F. Murray Abraham
0%
Clockstoppers French Stewart
0%
Star Trek: First Contact, Star Trek: Insurrection Gates McFadden
0%
Star Trek: Insurrection Gregg Henry
0%
Star Trek: First Contact James Cromwell
0%
Clockstoppers Jesse Bradford
0%
Clockstoppers Julia Sweeney
0%
Star Trek: First Contact, Star Trek: Insurrection LeVar Burton
0%
Star Trek: First Contact, Star Trek: Insurrection Marina Sirtis
0%
Clockstoppers Michael Biehn
0%
Star Trek: First Contact, Star Trek: Insurrection Michael Dorn
0%
Star Trek: Insurrection Michael Welch
0%
Star Trek: First Contact Neal McDonough
0%
Clockstoppers Paula Garcés
0%
Star Trek: First Contact Robert Picardo
0%
Clockstoppers Robin Thomas
0%
Thunderbirds Vanessa Hudgens
0%
No matching quizzes found
Score Distribution
Percent of People with Each Score
Percentile by Number Answered
Your Score History
You have not taken this quiz